Ménageries : (Record no. 1720)
[ view plain ]
| 000 -LEADER | |
|---|---|
| fixed length control field | 01432cam a22003857i 4500 |
| 001 - CONTROL NUMBER | |
| control field | data |
| 005 - DATE AND TIME OF LATEST TRANSACTION | |
| control field | 20260322212114.0 |
| 008 - FIXED-LENGTH DATA ELEMENTS--GENERAL INFORMATION | |
| fixed length control field | data |
| 035 ## - SYSTEM CONTROL NUMBER | |
| System control number | 18765458 |
| 010 ## - LIBRARY OF CONGRESS CONTROL NUMBER | |
| LC control number | 2015375902 |
| 020 ## - INTERNATIONAL STANDARD BOOK NUMBER | |
| International Standard Book Number | 9782923553146 |
| Qualifying information | pbk. |
| 035 ## - SYSTEM CONTROL NUMBER | |
| System control number | (OCoLC)801193200 |
| 040 ## - CATALOGING SOURCE | |
| Original cataloging agency | CDX |
| Language of cataloging | eng |
| Transcribing agency | CDX |
| Modifying agency | DLC |
| -- | OCLCF |
| -- | OCLCQ |
| -- | DLC |
| Description conventions | rda |
| 042 ## - AUTHENTICATION CODE | |
| Authentication code | lccopycat |
| 050 00 - LIBRARY OF CONGRESS CALL NUMBER | |
| Classification number | PQ3919.3.B3737 |
| Item number | M46 2012 |
| 082 04 - DEWEY DECIMAL CLASSIFICATION NUMBER | |
| Classification number | jC843/.6 |
| Edition information | 23 |
| 100 1# - MAIN ENTRY--PERSONAL NAME | |
| Personal name | Baril-Guérard, Jean-Philippe. |
| 245 10 - TITLE STATEMENT | |
| Title | Ménageries : |
| Remainder of title | histoires d'animaux / |
| Statement of responsibility, etc. | textes de Jean-Philippe Baril Guérard ; illustrations de Benoit Tardif. |
| 264 #1 - PRODUCTION, PUBLICATION, DISTRIBUTION, MANUFACTURE, AND COPYRIGHT NOTICE | |
| Place of production, publication, distribution, manufacture | Gatineau, QC : |
| Name of producer, publisher, distributor, manufacturer | Les Éditions de ta mère, |
| Date of production, publication, distribution, manufacture, or copyright notice | ©2012. |
| 300 ## - PHYSICAL DESCRIPTION | |
| Extent | 89 pages : |
| Other physical details | color illustrations ; |
| Dimensions | 19 cm |
| 336 ## - CONTENT TYPE | |
| Content type term | text |
| Content type code | txt |
| Source | rdacontent |
| 337 ## - MEDIA TYPE | |
| Media type term | unmediated |
| Media type code | n |
| Source | rdamedia |
| 338 ## - CARRIER TYPE | |
| Carrier type term | volume |
| Carrier type code | nc |
| Source | rdacarrier |
| 650 #0 - SUBJECT ADDED ENTRY--TOPICAL TERM | |
| Topical term or geographic name entry element | Animals |
| Form subdivision | Juvenile fiction. |
| 650 #7 - SUBJECT ADDED ENTRY--TOPICAL TERM | |
| Topical term or geographic name entry element | Animals. |
| Source of heading or term | fast |
| Authority record control number or standard number | (OCoLC)fst00809468 |
| 655 #7 - INDEX TERM--GENRE/FORM | |
| Genre/form data or focus term | Fiction. |
| Source of term | fast |
| Authority record control number or standard number | (OCoLC)fst01423787 |
| 655 #7 - INDEX TERM--GENRE/FORM | |
| Genre/form data or focus term | Juvenile works. |
| Source of term | fast |
| Authority record control number or standard number | (OCoLC)fst01411637 |
| 655 #7 - INDEX TERM--GENRE/FORM | |
| Genre/form data or focus term | Fiction. |
| Source of term | lcgft |
| Authority record control number or standard number | https://id.loc.gov/authorities/genreForms/gf2014026339 |
| 700 1# - ADDED ENTRY--PERSONAL NAME | |
| Personal name | Tardif, Benoit. |
| 906 ## - LOCAL DATA ELEMENT F, LDF (RLIN) | |
| a | 7 |
| b | cbc |
| c | copycat |
| d | 3 |
| e | ncip |
| f | 20 |
| g | y-gencatlg |
| 925 0# - | |
| -- | acquire |
| -- | 1 shelf copy |
| -- | policy default |
| 923 ## - | |
| -- | Purchase |
| -- | 2015-08-31 |
| -- | I-10295267 |
| -- | Coutts |
| Withdrawn status | Lost status | Damaged status | Not for loan | Home library | Current library | Shelving location | Date acquired | Total checkouts | Full call number | Barcode | Date last seen | Price effective from | Koha item type |
|---|---|---|---|---|---|---|---|---|---|---|---|---|---|
| Fairview | Fairview | General stacks | 22/03/2026 | jC843/.6 | LOC-FPL-00005 | 22/03/2026 | 22/03/2026 | Books |